000 00568nam a2200145Ia 4500
008 100204s9999 xx 000 0 und d
082 _b6907
100 _a"राष्ट्रीय चरित्रमाला, पुणे"
245 _aन्यायमूर्ती रानडे
260 _b"राष्ट्रीय चरित्रमाला , पुणे"
_c1983
300 _a56
630 _aन्यायमूर्ती रानडे
730 _aन्यायमूर्ती रानडे
942 _cBOOK
999 _c451345
_d451342